000 01199cam a2200325 a 4500
999 _c6571
_d6571
001 12818312
003 OSt
005 20200120160713.0
008 020614s2003 maua b 001 0 eng
010 _a 2001133322
020 _a061819150X (Instructor's annotated ed.)
040 _aDLC
_cDLC
_dDLC
050 0 0 _aHD30.3
_b.O26 2003
082 0 0 _a658.45
_221
_bOBE/C
100 _aOber, Scot
_d1946-
_91319
245 1 0 _aContemporary business communication /
_cScot Ober.
246 3 0 _aBusiness communication
250 _a5th ed., instructor's annotated ed.
260 _aBoston :
_bHoughton Mifflin Co.,
_cc2003.
300 _axxiv, 690 p. :
_bill. (some col.) ;
_c26 cm.
500 _aMulti-media materials are available to supplement the text.
504 _aIncludes bibliographical references (p. 642-646) and index.
650 0 _aCommunication in management.
650 0 _aCommunication in organizations.
650 0 _aBusiness communication.
650 0 _aBusiness writing.
906 _a7
_bcbc
_corigcop
_d2
_encip
_f20
_gy-gencatlg
942 _2ddc
_cBK
_h658.45
_iOBE/C
_k658.45
_mOBE/C